ソ連邦 最高指導者 - Statistics

General Stats
  • This quiz has been taken 34 times
  • The average score is 5 of 8
Answer Stats
期間 Answer % Correct
1924〜1953 ヨシフ・スターリン
97%
1922〜1924 ウラジーミル・レーニン
91%
1985〜1991 ミハイル・ゴルバチョフ
88%
1953〜1964 ニキータ・フルシチョフ
79%
1964〜1982 レオニード・ブレジネフ
58%
1982〜1984 ユーリ・アンドロポフ
45%
1953 ゲオルギー・マレンコフ
42%
1984〜1985 コンスタンティン・チェルネンコ
30%
No matching quizzes found
Score Distribution
Percent of People with Each Score
Percentile by Number Answered
Your Score History
You have not taken this quiz